MDQL
is popping MORE tags! Check the
thread
!
Quizzes
Events
Quiz Creation
Community
Videos
Private Events
Remove Ads
Sign In
Join for FREE
Feedback
Dark Mode
Quiz Categories
Sports
Geography
Music
Movies
Television
Just For Fun
Miscellaneous
History
Literature
Language
Science
Gaming
Entertainment
Religion
Holiday
For Kids
Quiz Lab
Recent
Popular Today
Quiz Kudos Today
Editor Picks
Curator Picks
Quizzes by...
Day
Popularity
Type
Ratings
Length
Year
Community
Subscriptions
Recent Discussions
Orange Saloon
Badges
Playlists
Quests
Create
Leaderboards
Showdown
Live 5
Trivia Bingo
Activity
Puzzle Library
Sporcle Events
Private Events
Virtual Trivia
Globe League
Become a Host
Pub Owners
SporcleCon
Opinionation
Our Games
Videos
Blog
Mobile Apps
Partnerships
Remove Ads and Go Orange
Feedback
Sports
Athletes
MLB
NBA
NHL
NFL
Soccer
Sports Teams
WWE
NCAA
Football
Premier League
Basketball
Baseball
Hockey
Golf
Tennis
Cricket
Rugby
Auto Racing
Olympics
World Cup
Sports
Athletes
MLB
NBA
NHL
NFL
Soccer
Sports Teams
WWE
NCAA
Football
Premier League
Basketball
Baseball
Hockey
Golf
Tennis
Cricket
Rugby
Auto Racing
Olympics
World Cup
Random Quiz
Search Sporcle
×
Quiz Lab
Quiz Lab
Sports
Sports Teams
Type in answers that appear in a list
Type in answers that appear in a list
Classic
Best Score? Go Orange.
Big 4 Sports Top 10's Stats
Can you name the top ten players in each category?
By
jishimsy
20m
160 Questions
2,512 Plays
2,512 Plays
2,512 Plays
Comments
Comments
Give Quiz Kudos
Give Quiz Kudos
-
- Ratings
hide this ad
More Info
Replay
Link that replays current quiz
Next Quiz
Link to next quiz in quiz playlist
You Got
0%
They Got
Avg Score
44%
Avg Friend Score
Upgrade to see
Score Distribution
Jump to the score distribution portion of the page
Score
0/160
Timer
20:00
0
Plays Today
% Correct
Peyton Manning
92.6%
Brett Favre
90.6%
Emmitt Smith
88.4%
Bruce Smith
88.1%
Lee Smith
88.1%
Jerry Rice
87.9%
Barry Bonds
87.8%
Dan Marino
87.3%
Earvin Johnson
87%
Walter Johnson
86.9%
Babe Ruth
85.3%
Cy Young
84.8%
Michael Jordan
84.7%
Hank Aaron
83.5%
Hank Aaron
83.5%
Wayne Gretzky
81.1%
Wayne Gretzky
81.1%
Wayne Gretzky
81.1%
Kareem Abdul-Jabbar
80.5%
Kareem Abdul-Jabbar
80.5%
Kareem Abdul-Jabbar
80.5%
Wilt Chamberlain
77.5%
Wilt Chamberlain
77.5%
Pete Rose
77.1%
Joe Montana
76.6%
Karl Malone
74.6%
Karl Malone
74.6%
John Stockton
74.4%
Moses Malone
74.4%
Moses Malone
74.4%
LaDainian Tomlinson
73.8%
Randy Moss
72.2%
Willie Mays
71.1%
John Elway
70.7%
Sammy Sosa
70.5%
Walter Payton
68.5%
Mariano Rivera
68.4%
Gary Payton
68.2%
Jim Brown
68.2%
Terrell Owens
68.2%
Tim Brown
68.2%
Shaquille O'Neal
67.4%
Shaquille O'Neal
67.4%
Leslie O'Neal
67.2%
Ken Griffey Jr.
65.7%
Mark McGwire
64.9%
Alex Rodriguez
63.9%
Trevor Hoffman
63.7%
David Robinson
63.5%
Frank Robinson
63.5%
Barry Sanders
63.2%
Reggie White
63%
Ty Cobb
61.6%
Rickey Jackson
60.2%
% Correct
Mark Jackson
60.2%
Isiah Thomas
58%
Bill Russell
58%
Hakeem Olajuwon
58%
Hakeem Olajuwon
58%
Roger Clemens
57.4%
Martin Brodeur
54.7%
Gordie Howe
54.3%
Gordie Howe
54.3%
Gordie Howe
54.3%
Jerome Bettis and Franco Harris
53.9%
Brett Hull
53.7%
Mario Lemieux
53.6%
Mario Lemieux
53.6%
Mario Lemieux
53.6%
Johnny Unitas
52.7%
Greg Maddux
52.5%
Fran Tarkenton
52.4%
Cris Carter
52.4%
Lawrence Taylor
52.3%
Jason Kidd
50.6%
Shaun Alexander
50%
Grover Cleveland Alexander
50%
Steve Nash
49.3%
Warren Moon
48.4%
Michael Strahan
48%
Mark Messier
47.5%
Mark Messier
47.5%
Mark Messier
47.5%
Dikembe Mutombo
44.7%
Marvin Harrison
44.3%
Patrick Ewing
43.9%
Oscar Robertson
40.7%
Oscar Robertson
40.7%
Marcus Allen
39.4%
Dennis Eckersley
37.9%
Billy Wagner
37.8%
Honus Wagner
37.8%
Jaromir Jagr
37.3%
Harmon Killebrew
35.7%
Marshall Faulk
34.8%
Steve Yzerman
33.8%
Steve Yzerman
33.8%
Steve Yzerman
33.8%
Dominik Hasek
33.1%
Stan Musial
31.8%
Vinny Testaverde
30.7%
Isaac Bruce
29.8%
Steve Largent
29.2%
Phil Esposito
27%
Phil Esposito
27%
Tony Esposito
26.9%
Kevin Greene
26.3%
Christy Mathewson
26.3%
% Correct
Warren Spahn
26.2%
Elvin Hayes
24.4%
Elvin Hayes
24.4%
Dominique Wilkins
23.8%
Robert Parish
22.3%
Robert Parish
22.3%
Joe Sakic
22.3%
John Riggins
20.7%
Alonzo Mourning
20%
John Franco
18.9%
Tris Speaker
18.2%
Paul Molitor
17.8%
Raymond Bourque
17.6%
Marcel Dionne
17.4%
Marcel Dionne
17.4%
Marcel Dionne
17.4%
Ed Belfour
17.4%
Mark Eaton
17.3%
Rollie Fingers
17%
Cap Anson
16.7%
Terry Sawchuk
16.7%
Eddie Collins
16.6%
Ron Francis
16.5%
Ron Francis
16.5%
Carl Yastrzemski
14.5%
Luc Robitaille
14.5%
Paul Coffey
13.9%
Dave Krieg
13.5%
Wes Unseld
13.1%
Jacques Plante
12.2%
Adam Oates
11.8%
Tiny Thompson
11.5%
Mike Gartner
10.9%
Glenn Hall
10.9%
Pud Galvin
9.7%
Don Hutson
9.1%
Maurice Cheeks
9.1%
Richard Dent
9%
Troy Percival
8.9%
John Randle
8.6%
Jeff Reardon
7.6%
Chris Doleman
7%
Randy Myers
6.8%
Kid Nichols
6.7%
Nate Thurmond
6.3%
Rod Strickland
5.8%
Don Maynard
5.3%
Tree Rollins
4.7%
Walt Bellamy
4.5%
Tim Keefe
4.1%
George Hainsworth
3.5%
Alec Connell
1.3%
Quiz Playlist
Details
Report
Send in Message
Add To Playlist
More Info:
Good Luck
Classic:
Type in answers that appear in a list
Last Updated: Feb 22, 2017
Quiz Scoreboard
CHALLENGE
Sign Up to Join the Scoreboard
Show All
Scores
Hide
Comments
May contain spoilers
Recently Published
5x2 Blitz: Bands
by SL_Kpop136
Music
30s
Colored Red Africa Blitz
by spor1
Geography
30s
Find the 'City' Movie
by crazypaving
Movies
60s
More to Explore
Quiz From the Vault
Featured Blog Post
14 Easter Pick-up Lines to Find Eggs With
hide this ad
You Might Also Like...
Tags
Sports Teams Quiz
Big 4
Category
Player
ten
Today's Top Quizzes in Sports
Browse Sports
hide this ad
Today's Top Quizzes in Sports Teams
Browse Sports Teams
Top Contributed Quizzes in Sports
1
Players with Multiple 50 Home Run Seasons
2
Criteria MLB: Left Handed Sluggers
3
MLB Players with Two .350 Batting Average Seasons
4
Who Hit More Homers?
5
Premier League Clubs since 2000 (minefield)
6
Who Needs Fielders?
7
2020 F1 Drivers Logic Puzzle
8
Les entraîneurs de l'OM et du PSG au 21e siècle
9
Top 10 NHL Goal Scorers of All Time
10
MLB Hall of Famer by Rings
Explore More
Trending Topics
Disney
Marvel
Harry Potter
Crossword
NBA
Kpop
Anime
Country
Soccer
WWE
Song
Pokémon
NFL
Puzzle
The Office
hide this ad
More By:
jishimsy
Quiz
Plays
Rating
Category
Featured
Created
Think Fast
20,078
3.24
Just For Fun
Mar 7, 2010
Top 10's in the NHL
6,022
4.11
Sports
Feb 15, 2010
NHL 1000+ points scorers
3,095
4.14
Sports
Dec 9, 2009
THN's Top NHL Player's per team 2000's
2,531
4.10
Sports
Jan 24, 2010
Big 4 Sports Top 10's
2,512
4.22
Sports
Feb 17, 2010
Go to Creator's Profile
Score Distribution
Quiz Creator Spotlight
jishimsy
Follow
Send a Message
Quizzes Created
-
Created Quiz Play Count
-
More By This Creator
Popular Quizzes Today
1
Find the 'City' Movie
2
Colored Red Africa Blitz
3
Find the US States - No Outlines Minefield
4
5x2 Blitz: Bands
5
The Countries of the World
6
Find the US States
7
US States
8
9x9 Crossword: Cartoon Network
More Sports Quizzes
This is SportsCenter (Football)
Curator's Pick
Trending Quizzes
Colored Red Europe Blitz I
Colored Red Africa Blitz II
Colored Red Europe Blitz II
Colored Red Africa Blitz III
Colored Red Europe Blitz III
Recently Updated
Famous TV Couples
Peacemaker
Champions League XIs: Real Madrid
pecheneg
Largest US Cities 1790-2010
pecheneg
Rides in Walt Disney World
pecheneg
Most Oscar Losses (Acting)
pecheneg
Beyoncé Albums
pecheneg
Leaping Animals
pecheneg
Reality TV Shows (A-Z)
bhenderson79
Rickey Henderson's Hall of Fame Teammates
pecheneg
Champions League XIs: Arsenal
pecheneg
Trending Topics
Harry Potter
Marvel
Anime
Kpop
Crossword
NBA
Disney
Pokémon
NFL
The Office
WWE
Puzzle
Soccer
Country
Song
Your Account Isn't Verified!
In order to create a playlist on Sporcle, you need to verify the email address you used during registration. Go to your
Sporcle Settings
to finish the process.
Report this User
Report this user for behavior that violates our
Community Guidelines
.
Details:
Send Report
Go to the Sporcle.com Mobile Site →
Comments